| 000 | 01154nam a22002655a 4500 | ||
|---|---|---|---|
| 003 | OSt | ||
| 005 | 20170323152920.0 | ||
| 008 | 170322s2006 ua frb 000 0 ara d | ||
| 040 |
_aEG-ScBUE _bara _cEG-ScBUE |
||
| 043 | _af-ua--- | ||
| 082 | 0 | 4 |
_a346.62044 _bع ب د _222 |
| 100 | 1 | _aعبد السلام، سعيد سعد. | |
| 245 | 1 | 2 |
_aالوجيز في الحقوق العينية التبعية : _bالرهن الرسمي - الحيازي - الاختصاص - الامتياز - الكفالة / _cتأليف سعيد سعد عبد السلام. |
| 260 |
_aالقاهرة : _bدار النهضة العربية، _c2006. |
||
| 300 |
_a584 ص. ؛ _c24 سم. |
||
| 504 | _aيشتمل على إرجاعات ببليوجرافية. | ||
| 650 | 7 |
_aالحقوق العينية التبعية _zمصر. |
|
| 650 | 7 |
_aالرهن _xقوانين وتشريعات _zمصر. |
|
| 650 | 7 |
_aحقوق الامتياز _xقوانين وتشريعات _zمصر |
|
| 650 | 7 |
_aالكفالة (قانون مدني) _zمصر. |
|
| 650 | 7 |
_aالقانون الجنائي _zمصر. _2BUEsh _941146 |
|
| 651 | _2BUEsh | ||
| 653 |
_bLLAAWW _cMarch2017 |
||
| 942 | _2ddc | ||
| 999 |
_c24522 _d24494 |
||